000 01105nab a2200277 u 4500
001 03524
003 HDC
007 cr bn ---
008 210110p xx n |0 may
040 _aHDC
100 _aMohamad Nasran bin Mohamad,
_cProf. Madya Dr.
_eauthor
_92994
245 0 _aAUDIT PENGESAHAN HALAL: KAJIAN DI JABATAN KEMAJUAN ISLAM MALAYSIA
_cby Prof. Madya Dr. Mohamad Nasran bin Mohamad and Norhalina binti Othman
260 _a[No place] :
_b[publisher not identified],
_c[no year]
300 _a1 online resource (36 pages)
336 _atext
_2rdacontent
337 _acomputer
_2rdamedia
338 _aonline resource
_2rdacarrier
650 _aHalal food industry
_xCertification
_zMalaysia
_9405
650 _aIslam
_xCustoms and practices
_9691
650 _aProduct safety (Islamic law)
_9195
700 _aNorhalina binti Othman,
_eauthor
_92995
856 _zRequest full-text at [email protected]
942 _2lcc
942 _cAR
942 _kJART 000066
999 _c897
_d897